Фотохимия полимеров и красителей

Dades bibliogràfiques
Autor principal: Сафонов В. В. Валентин Владимирович
Sumari:В книге изложены современные представления о фотохимических процессах, протекающих в полимерах и красителях. Приведен большой теоретический и экспериментальный материал по взаимодействию полимеров и красителей с квантами света, светостабилизацией полимеров, красителей фототехнологией использования полимеров и красителей созданных источников, света, фоторезистов, дисплеев, УФ-красок, люминофорных полимерных покрытий, фотокатализа красителей.Особое внимание уделено физико-химическому механизму протекающих процессов.Книга предназначена для научных и инженерно-технических работников отрас­лей промышленности, разрабатывающих и эксплуатирующих изделия из полимер­ных материалов, красителей, экологов, а также для аспирантов и студентов химиче­ских, физических и энергетических факультетов и вузов.
Idioma:rus
Publicat: Санкт-Петербург, Научные основы и технологии, 2014
Matèries:
Format: MixedMaterials Llibre
KOHA link:https://koha.lib.tpu.ru/cgi-bin/koha/opac-detail.pl?biblionumber=253381

MARC

LEADER 00000nam0a2200000 4500
001 253381
005 20231101232834.0
010 |a 9785917030425 
035 |a (RuTPU)RU\TPU\book\275769 
090 |a 253381 
100 |a 20140313d2014 k y0rusy50 ca 
101 0 |a rus 
102 |a RU 
105 |a a z 001zy 
200 1 |a Фотохимия полимеров и красителей  |f В. В. Сафонов 
210 |a Санкт-Петербург  |c Научные основы и технологии  |d 2014 
215 |a 296 с.  |c ил. 
320 |a Библиография в конце глав. 
330 |a В книге изложены современные представления о фотохимических процессах, протекающих в полимерах и красителях. Приведен большой теоретический и экспериментальный материал по взаимодействию полимеров и красителей с квантами света, светостабилизацией полимеров, красителей фототехнологией использования полимеров и красителей созданных источников, света, фоторезистов, дисплеев, УФ-красок, люминофорных полимерных покрытий, фотокатализа красителей.Особое внимание уделено физико-химическому механизму протекающих процессов.Книга предназначена для научных и инженерно-технических работников отрас­лей промышленности, разрабатывающих и эксплуатирующих изделия из полимер­ных материалов, красителей, экологов, а также для аспирантов и студентов химиче­ских, физических и энергетических факультетов и вузов. 
606 1 |a Красители органические  |x Фотохимия  |2 stltpush  |3 (RuTPU)RU\TPU\subj\34929  |9 56750 
606 1 |a Полимеры  |x Фотохимия  |2 stltpush  |3 (RuTPU)RU\TPU\subj\74407  |9 86705 
610 1 |a свет 
610 1 |a природа 
610 1 |a свойства 
610 1 |a молекулы 
610 1 |a возбужденное состояние 
610 1 |a дезактивация 
610 1 |a фотопроцессы 
610 1 |a фотопревращения 
610 1 |a полимерные покрытия 
610 1 |a фотоотверждение 
610 1 |a ультрафиолетовые краски 
610 1 |a люминесцирующие покрытия 
610 1 |a люминесцирующие покрытия 
675 |a 667.2  |v 3 
675 |a 678.01:54  |v 3 
700 1 |a Сафонов  |b В. В.  |g Валентин Владимирович 
801 1 |a RU  |b 63413507  |c 20140313 
801 2 |a RU  |b 63413507  |c 20150518  |g RCR 
900 |a Химия и технология пластических масс 
900 |a Полимерные композиционные материалы 
942 |c BK 
959 |a 48/20140313  |d 2  |e 0  |f ЧЗТЛ:1  |f АНЛ:1